Eastern Utah Libraries Catalog: Duchesne, Heber, Roosevelt, & Vernal

House of secrets / (Record no. 90906)

MARC details
000 -LEADER
fixed length control field 02102cam a22005178i 4500
001 - CONTROL NUMBER
control field BK0012333719
003 - CONTROL NUMBER IDENTIFIER
control field DLC
005 - DATE AND TIME OF LATEST TRANSACTION
control field 20241220134156.0
008 - FIXED-LENGTH DATA ELEMENTS--GENERAL INFORMATION
fixed length control field 130114s2013 nyu c 000 1 eng
010 ## - LIBRARY OF CONGRESS CONTROL NUMBER
LC control number 2012051815
020 ## - INTERNATIONAL STANDARD BOOK NUMBER
International Standard Book Number 9780062192462 : HRD
Terms of availability $17.99
020 ## - INTERNATIONAL STANDARD BOOK NUMBER
International Standard Book Number 0062192469 : HRD
Terms of availability $17.99
037 ## - SOURCE OF ACQUISITION
Source of stock number/acquisition Harpercollins Childrens Books, Attn Elaine Nealon Keystone Industrial Park, Scranton, PA, USA, 18512
Note SAN 200-2086
040 ## - CATALOGING SOURCE
Original cataloging agency DLC
Language of cataloging eng
Transcribing agency DLC
Description conventions rda
Modifying agency NjBwBT
050 00 - LIBRARY OF CONGRESS CALL NUMBER
Classification number PZ7.C72
Item number Hou 2013
082 00 - DEWEY DECIMAL CLASSIFICATION NUMBER
Classification number [Fic]
Edition number 23
084 ## - OTHER CLASSIFICATION NUMBER
Classification number JUV037000
084 ## - OTHER CLASSIFICATION NUMBER
Classification number JUV013000
084 ## - OTHER CLASSIFICATION NUMBER
Classification number JUV001000
Source of number bisacsh
092 ## - LOCALLY ASSIGNED DEWEY CALL NUMBER (OCLC)
Classification number FIC
092 ## - LOCALLY ASSIGNED DEWEY CALL NUMBER (OCLC)
Classification number COLUMBUS
100 1# - MAIN ENTRY--PERSONAL NAME
Personal name Columbus, Chris.
9 (RLIN) 22040
245 10 - TITLE STATEMENT
Title House of secrets /
Statement of responsibility, etc Chris Columbus, Ned Vizzini ; illustrations by Greg Call.
250 ## - EDITION STATEMENT
Edition statement First edition.
260 ## - PUBLICATION, DISTRIBUTION, ETC. (IMPRINT)
Place of publication, distribution, etc New York, NY :
Name of publisher, distributor, etc Balzer + Bray, an imprint of HarperCollinsPublishers,
Date of publication, distribution, etc 2013.
263 ## - PROJECTED PUBLICATION DATE
Projected publication date 1305
300 ## - PHYSICAL DESCRIPTION
Extent 384
336 ## - Content Type
Content type term text
337 ## - Media type
Media type term unmediated
338 ## - Carrier type
Carrier type term volume
520 ## - SUMMARY, ETC.
Summary, etc Cordelia, Brendan, and Eleanor Walker, aged fifteen to eight, must rely on a mysterious book to face the Wind Witch and her father, the Storm King, who have kidnapped Dr. and Mrs. Walker and brought them to a strange world of magic.
650 #1 - SUBJECT ADDED ENTRY--TOPICAL TERM
Topical term or geographic name as entry element Adventure and adventurers
Form subdivision Fiction.
9 (RLIN) 102533
650 #1 - SUBJECT ADDED ENTRY--TOPICAL TERM
Topical term or geographic name as entry element Supernatural
Form subdivision Fiction.
9 (RLIN) 5674229
650 #1 - SUBJECT ADDED ENTRY--TOPICAL TERM
Topical term or geographic name as entry element Brothers and sisters
Form subdivision Fiction.
9 (RLIN) 5673852
650 #1 - SUBJECT ADDED ENTRY--TOPICAL TERM
Topical term or geographic name as entry element Books and reading
Form subdivision Fiction.
9 (RLIN) 5684815
650 #1 - SUBJECT ADDED ENTRY--TOPICAL TERM
Topical term or geographic name as entry element Dwellings
Form subdivision Fiction.
9 (RLIN) 5706206
650 #1 - SUBJECT ADDED ENTRY--TOPICAL TERM
Topical term or geographic name as entry element Fantasy.
9 (RLIN) 6250021
650 #7 - SUBJECT ADDED ENTRY--TOPICAL TERM
Topical term or geographic name as entry element JUVENILE FICTION / Fantasy & Magic.
Source of heading or term bisacsh
9 (RLIN) 5675426
650 #7 - SUBJECT ADDED ENTRY--TOPICAL TERM
Topical term or geographic name as entry element JUVENILE FICTION / Family / General (see also headings under Social Issues)
Source of heading or term bisacsh
9 (RLIN) 5675969
650 #7 - SUBJECT ADDED ENTRY--TOPICAL TERM
Topical term or geographic name as entry element JUVENILE FICTION / Action & Adventure / General.
Source of heading or term bisacsh
9 (RLIN) 5675719
700 1# - ADDED ENTRY--PERSONAL NAME
Personal name Vizzini, Ned,
Dates associated with a name 1981-
9 (RLIN) 558
700 1# - ADDED ENTRY--PERSONAL NAME
Personal name Call, Greg,
Relator term illustrator.
9 (RLIN) 50411
856 42 - ELECTRONIC LOCATION AND ACCESS
Materials specified Cover image
Uniform Resource Identifier <a href="www.harpercollins.com/harperimages/isbn/tiff/2/9780062192462.tif">www.harpercollins.com/harperimages/isbn/tiff/2/9780062192462.tif</a>
942 ## - ADDED ENTRY ELEMENTS (KOHA)
Koha item type BOOK
998 ## - LOCAL CONTROL INFORMATION (RLIN)
-- a159264
Holdings
Withdrawn status Lost status Source of classification or shelving scheme Damaged status Not for loan Collection code Home library Current library Shelving location Date acquired Cost, normal purchase price Total Checkouts Total Renewals Full call number Barcode Date last seen Date checked out Cost, replacement price Price effective from Koha item type
    Dewey Decimal Classification     Junior Fiction Wasatch County Library Wasatch County Library Main Floor Junior Area 05/31/2013 17.99 37 16 J Columbus 34301001159880 05/13/2025 07/31/2024 17.99 03/20/2020 BOOK
This project was made possible through a grant from the Institute of Museum and Library Service administered by the Utah State Library Division.

Wasatch County Library

  • 465 East 1200 South, Heber City, Utah 84032
  • Phone 435-654-1511 | Fax 435-654-6456

Hours

  • Monday - Friday 9:30 AM - 8:00 PM
  • Saturday 9:30 AM - 1:30 PM
  • Closed Sundays and Holidays